| 000 | 00720nam a2200241Ia 4500 | ||
|---|---|---|---|
| 005 | 20241129104210.0 | ||
| 008 | 241129s9999||||xx |||||||||||||| ||und|| | ||
| 020 | _a9781597183598 | ||
| 037 | _aReference | ||
| 040 |
_aRTL _beng _cRTL |
||
| 041 |
_aeng _2eng |
||
| 084 |
_aX:71:(B) P9;R2.1-.2 _qRTL |
||
| 100 | _aCameron A Colin; Trivedi Pravin K | ||
| 245 | 0 |
_aMicroeconometrics using stata. 2 Vols _cCameron A Colin; Trivedi Pravin K |
|
| 250 | _a2nd | ||
| 260 |
_aTexas _bStata Press _c2022 |
||
| 300 | _axvii 818-1675p. | ||
| 365 |
_aINR _b7580 |
||
| 490 | _v01502777- V2:(xvii 818-1675p.) | ||
| 650 | _aEconometrics | ||
| 942 |
_cRef _hX:71:(B) P9;R2.1-.2 |
||
| 999 |
_c1224841 _d1224841 |
||